current WWE TV Shows - Statistics

General Stats
  • This quiz has been taken 289 times
  • The average score is 5 of 6
Answer Stats
Hint Answer % Correct
monday night RAW
100%
thursday/friday night Smackdown
99%
develpental NXT
89%
also name of last match on a card Main Event
75%
also name for the wrestlers Superstars
59%
reality show Total Divas
59%
No matching quizzes found
Score Distribution
Percent of People with Each Score
Percentile by Number Answered
Your Score History
You have not taken this quiz